Analysis and adjustment of survey measurements / (Record no. 12028)

MARC details
000 -LEADER
fixed length control field 01112pam a2200289 i 4500
001 - CONTROL NUMBER
control field 2754883
003 - CONTROL NUMBER IDENTIFIER
control field EG-ScBUE
005 - DATE AND TIME OF LATEST TRANSACTION
control field 20250218092447.0
008 - FIXED-LENGTH DATA ELEMENTS--GENERAL INFORMATION
fixed length control field 791107t1981 nyua f b 001 0 eng d
020 ## - INTERNATIONAL STANDARD BOOK NUMBER
International Standard Book Number 0442253699
040 ## - CATALOGING SOURCE
Original cataloging agency EG-ScBUE
Language of cataloging eng
Description conventions rda
Transcribing agency EG-ScBUE
Modifying agency EG-ScBUE
082 04 - DEWEY DECIMAL CLASSIFICATION NUMBER
Classification number 526.9
Item number MIK
Edition number 22
100 1# - MAIN ENTRY--PERSONAL NAME
Personal name Mikhail, Edward M.,
9 (RLIN) 6913
Relator term author.
245 10 - TITLE STATEMENT
Title Analysis and adjustment of survey measurements /
Statement of responsibility, etc Edward M. Mikhail, School of Civil Engineering, Purdue University, West Lafayette, Indiana, Gordon Gracie, Erindale College, University of Toronto, Mississauge, Ontario.
264 #1 - PUBLICATION, DISTRIBUTION, ETC. (IMPRINT)
Place of publication, distribution, etc New York, N.Y. ;
-- Canada :
Name of publisher, distributor, etc Van Nostrand Reinhold Company,
Date of publication, distribution, etc [1981]
264 #4 - PUBLICATION, DISTRIBUTION, ETC. (IMPRINT)
Date of publication, distribution, etc c1981.
300 ## - PHYSICAL DESCRIPTION
Extent xii, 340 pages :
Other physical details illustrations ;
Dimensions 24 cm
336 ## - CONTENT TYPE
Source rdacontent
Content type term text
Content type code txt
337 ## - MEDIA TYPE
Media type term unmediated
Source rdamedia
Media type code n
338 ## - CARRIER TYPE
Carrier type term volume
Carrier type code nc
Source rdacarrier
504 ## - BIBLIOGRAPHY, ETC. NOTE
Bibliography, etc Includes bibliographical references and index.<br/>
650 #7 - SUBJECT ADDED ENTRY--TOPICAL TERM
Topical term or geographic name as entry element Surveying.
9 (RLIN) 6914
Source of heading or term BUEsh
650 #7 - SUBJECT ADDED ENTRY--TOPICAL TERM
Topical term or geographic name as entry element Measurement.
9 (RLIN) 6915
Source of heading or term BUEsh
655 ## - INDEX TERM--GENRE/FORM
Form subdivision Reading book
700 1# - ADDED ENTRY--PERSONAL NAME
Personal name Gracie, Gordon,
Dates associated with a name 1930-
Relator term author.
9 (RLIN) 6916
942 ## - ADDED ENTRY ELEMENTS (KOHA)
Source of classification or shelving scheme Dewey Decimal Classification
Koha item type Book - Borrowing
Holdings
Withdrawn status Lost status Source of classification or shelving scheme Damaged status Not for loan Collection code Home library Current library Shelving location Date acquired Source of acquisition Cost, normal purchase price Total Checkouts Full call number Barcode Date last seen Price effective from Koha item type
    Dewey Decimal Classification     Alef-Baa Central Library Central Library First floor 25/06/2009 Purchase 150.00   526.9 MIK 000016909 15/07/2025 25/06/2009 Book - Borrowing